000 00437nam a2200181Ia 4500
001 13075
005 20260306163027.0
008 260306t2004||||xx |||||||||||||| ||spa||
041 _aESP
082 _aRD 803
_bB45
100 _aGispert, Carlos (dir.)
_eAUT
245 0 _aDiccionario de literatura universal
260 _c2004
300 _a1152 páginas :
_c26 cm.
650 _aGEN
654 _aCHU
942 _cDIC
_dJUS
_fJUS
_2ddc
_n
999 _c13075
_d13075